Památky dřevního písemnictví Jihoslovanův /

Hlavní autor: Šafařík, Pavel Josef, 1795-1861
Jazyk: Čeština
Vydáno: Praha : B. Tempský, 1873
Vydání: 2. vyd.
Témata:
Fyzický popis: 1 sv. (nestránkováno) ; 4°
Knihy
Uloženo v:
LEADER 01064nam a22002532a 4500
001 000733975
003 CZ BrMZK
005 20041011152051.0
007 ta
008 040910s1873 xr er|||||||||||cze d
015 |a cnb001109038 
035 |a (OCoLC)85536680 
040 |a ABA001  |b cze  |c ABA001  |d ABA001  |d BOA001 
100 1 |a Šafařík, Pavel Josef,  |d 1795-1861  |7 jk01122355  |4 com  |4 pbl 
245 1 0 |a Památky dřevního písemnictví Jihoslovanův /  |c sebr. a vyd. Pavel Josef Šafařík ; doplňky z pozůstalosti Šafaříkovy upr. Josef Jireček 
250 |a 2. vyd. 
260 |a Praha :  |b B. Tempský,  |c 1873 
300 |a 1 sv. (nestránkováno) ;  |c 4° 
500 |a Díl předchozí: Život sv. Konstantina řečeného Cyrilla ; Život sv. Methodia ; Život sv. Symeona od Krále Štěpána ; Život sv. Symeona od sv. Sávy ; Okázky občanského písemnictví 
910 |a BOA001  |b 2-0095.500  |k k 
964 |a Bohemika - stol. 19. 
990 |a BK 
993 |a Y 
996 6 |b 2619348845  |c 2-0095.500  |l MZK  |r Sklad / do 24 hodin  |n 1  |w 000733975  |u 000010  |a 1  |e BOA001  |j MZK50  |s P